[Event "Capablanca Mem Premier 2"]
[Site "Havana CUB"]
[Date "2005.05.10"]
[Round "5"]
[White "Schilow,W"]
[Black "Borges Mateos,J"]
[Result "0-1"]
[WhiteElo "2425"]
[BlackElo "2484"]

1.e4 c5 2.Nf3 e6 3.d4 cxd4 4.Nxd4 Nc6 5.Nc3 Qc7 6.g3 a6 7.Bg2 d6 8.O-O Bd7
9.Re1 Be7 10.Nxc6 Bxc6 11.Qg4 h5 12.Qe2 h4 13.Bf4 hxg3 14.hxg3 Nf6 15.a4 Rd8
16.a5 Nd7 17.Nd5 Bxd5 18.exd5 e5 19.Bd2 f5 20.g4 Nf6 21.gxf5 Qxc2 22.f4 O-O
23.Bc3 Qxf5 24.fxe5 dxe5 25.Qxe5 Bc5+ 26.Kh1 Qh7+ 27.Qh2 Nh5 28.Qh3 Rf5 29.Re5 Rdf8
30.Rae1 Bd6 31.Rxf5 Rxf5 32.Bd4 Qh6 33.Qxf5 Ng3+  0-1

[Event "ch-ARM"]
[Site "Yerevan ARM"]
[Date "2005.05.10"]
[Round "11"]
[White "Petrosian,TL"]
[Black "Yegiazarian,A"]
[Result "1/2-1/2"]
[WhiteElo "2599"]
[BlackElo "2534"]

1.e4 c5 2.Nf3 Nc6 3.Nc3 e6 4.d4 cxd4 5.Nxd4 a6 6.Be2 d6 7.O-O Nf6 8.Be3 Be7
9.f4 O-O 10.a4 Bd7 11.Kh1 Nxd4 12.Qxd4 Bc6 13.b4 e5 14.Qd3 Qc7 15.b5 axb5
16.axb5 Rxa1 17.Rxa1 exf4 18.Bd4 Bd7 19.b6 Qc8 20.Nd5 Nxd5 21.exd5 Bf5 22.Qd2 Qxc2
23.Qxc2 Bxc2 24.Ra7 Bf6 25.Bxf6 gxf6 26.Bf3 Rb8 27.Kg1 Kg7 28.Ra2 Bd3 29.Ra3 Ba6
30.Rc3 Re8 31.Kf2 Re7 32.Rc7 Kf8 33.h4 h6 34.Rc8+ Re8 35.Rxe8+ Kxe8 36.Be2 Kd7
37.Bg4+ Ke7 38.Kf3 Bc4 39.Ke4 Bf1 40.Bf3 Bb5 41.Kxf4 Bd3 42.Bg4 Bc4 43.Ke4 Bf1
44.g3 Bg2+ 45.Kd4 Kd8 46.Bf5 Bf3 47.Be4 Bg4 48.Ke3 Ke7 49.Bd3 Bh3 50.Kf3 Bd7
51.Kf4 Kd8 52.Be2 Ke7 53.Bf3 f5 54.Be2 Kf6 55.Bf1 Bc8 56.Bd3 Bd7 57.Ba6 Bc8
58.Bb5 Ke7 59.Ba4 Kf6 60.Bd1 Bd7 61.Be2 Bc8 62.Bd3 Bd7 63.Bc4 Bc8 64.Bf1 Bd7
65.Bh3 Bc8 66.Bf1 Bd7 67.Ba6 Bc8 68.Bb5 Ke7 69.Bc6 Kf6 70.Be8 Ke7 71.Bb5 Kf6
72.Ba4 Ke7 73.Bc6 Kf6 74.Bb5  1/2-1/2

[Event "CCA-ICC Open"]
[Site "Lake George USA"]
[Date "2005.05.11"]
[Round "1"]
[White "Shabalov,A"]
[Black "Rizzitano,J"]
[Result "1-0"]
[WhiteElo "2593"]
[BlackElo "2376"]

1.e4 c5 2.Nf3 e6 3.d4 cxd4 4.Nxd4 Nc6 5.Nc3 Qc7 6.Be3 a6 7.Qd2 Nf6 8.f3 d5
9.exd5 Nxd5 10.Nxd5 exd5 11.O-O-O Bd6 12.Kb1 O-O 13.Bd3 Ne5 14.h4 Nc4 15.Bxc4 dxc4
16.h5 Re8 17.Rhe1 Bf8 18.h6 g6 19.Bf4 Qd7 20.Be5 f6 21.Bxf6 Rxe1 22.Qxe1 Qf7
23.Qh4 Bd7 24.Be5 Re8 25.f4 Be7 26.Qg3 Bf8 27.Rh1 b5 28.Qf3 b4 29.Qb7 a5
30.Nf3 Bf5 31.Qb5 Rd8 32.Nd4 Be4 33.Re1 Qd5 34.Qb6 Rd7 35.Qf6 b3 36.Qh8+ Kf7
37.Qxh7+ Ke8 38.Bg7 bxc2+ 39.Kc1 Qxd4 40.Qxg6+ Kd8 41.Qg5+  1-0

[Event "FSIM May"]
[Site "Budapest HUN"]
[Date "2005.05.13"]
[Round "7"]
[White "Charleshouse,G"]
[Black "Erdelyi,Z"]
[Result "1-0"]
[WhiteElo "2212"]
[BlackElo "2264"]

1.e4 c5 2.Nf3 e6 3.Nc3 Nc6 4.d4 cxd4 5.Nxd4 Qc7 6.Be3 a6 7.Bd3 Nf6 8.O-O Ne5
9.Nf3 Nfg4 10.Nxe5 Nxe3 11.Qh5 Nxf1 12.Qxf7+ Kd8 13.Qh5 g6 14.Nxg6 Rg8 15.Qh4+ Ke8
16.Nxf8 Nxh2 17.Be2 Rxf8 18.Bh5+ Rf7 19.Bxf7+ Kxf7 20.Qxh7+ Kf6 21.Qh6+ Kf7
22.Qxh2 Qxh2+ 23.Kxh2 b5 24.a3 Bb7 25.Rd1 Bc6 26.f3 a5 27.Ne2 e5 28.Nc3 Ke6
29.Nd5 Rf8 30.c3 d6 31.Kg1 Rg8 32.Ne3 Rb8 33.Nd5 Rg8 34.Kf2 Rh8 35.Ne3 Rh2
36.b4 a4 37.c4 bxc4 38.Nxc4 d5 39.exd5+ Bxd5 40.Ne3 Bb7 41.Rc1 Rh7 42.b5 Rd7
43.Ke2 e4 44.Rc4 exf3+ 45.gxf3 Rh7 46.Rxa4 Rh2+ 47.Kd3 Rb2 48.Ra5 Bxf3 49.Kc3 Rb1
50.a4 Kd6 51.Nc4+ Kc5 52.Nd2 Rg1 53.b6+ Kxb6 54.Rb5+ Ka6 55.Nxf3 Ra1 56.Kb4 Rb1+
57.Kc5 Rc1+ 58.Kd5 Ra1 59.Rb8 Rxa4 60.Nd4 Ra5+ 61.Kc6 Ka7 62.Rf8 Ra6+ 63.Kc7 Rh6
64.Re8 Rh7+ 65.Kc6 Rh6+ 66.Ne6 Rf6 67.Kb5 Rf7 68.Nd4 Rh7 69.Re6 Rh5+ 70.Kc6 Rh1
71.Nb3 Rh7 72.Nc5 Rg7 73.Rh6 Rf7 74.Kb5 Rg7 75.Ra6+ Kb8 76.Rb6+ Ka7 77.Rd6 Rh7
78.Nd7 Kb7 79.Nf6 Rh1 80.Rd7+ Kc8 81.Rf7 Rb1+ 82.Kc6 Rc1+ 83.Kd6 Rd1+ 84.Nd5 Rc1
85.Nb6+ Kb8 86.Nd7+ Ka8 87.Nc5 Rh1 88.Kc6 Rh6+ 89.Kc7 Rh5 90.Nd7 Rh1 91.Rf5 Rc1+
92.Nc5 Rc2 93.Kb6 Rb2+ 94.Kc6 Rh2 95.Rf3 Ra2 96.Kb6  1-0

[Event "Victory Cup"]
[Site "Alushta UKR"]
[Date "2005.05.14"]
[Round "3"]
[White "Zinchenko,Ya"]
[Black "Sharma,D"]
[Result "1-0"]
[WhiteElo "2460"]
[BlackElo "2381"]

1.e4 c5 2.Nf3 Nc6 3.d4 cxd4 4.Nxd4 e6 5.Nc3 Qc7 6.Be2 a6 7.O-O Nf6 8.Be3 Bb4
9.Na4 O-O 10.Nxc6 bxc6 11.f4 d5 12.e5 Ne4 13.c4 Rb8 14.Qc2 Qb7 15.Bd3 f5
16.exf6 Nxf6 17.Bd4 h6 18.c5 Ba5 19.Rf3 Qe7 20.Raf1 Bc7 21.Qc3 Ne4 22.Bxe4 dxe4
23.R3f2 a5 24.Be5 Ba6 25.Re1 Bd3 26.Nb6 Rf5 27.Nc4 Bxc4 28.Bxc7 Qxc7 29.Qxc4 Qd7
30.Rxe4 Rd5 31.h3 Rb4 32.Qe2 Rxe4 33.Qxe4 Rxc5 34.Re2 Kf7 35.b3 Rd5 36.Qf3 Qd6
37.Re4 Rd4 38.Re5 Rd5 39.Re1 Kg8 40.Qe2 Kf7 41.Qf3 Kg8 42.Kh1 Rd4 43.f5 exf5
44.Qxf5 Qd8 45.Qe6+ Kh8 46.Qxc6 Rd1 47.Qc3 Rxe1+ 48.Qxe1 Qd5 49.Qe8+ Kh7
50.Qe2 Qd4 51.Qc2+ Kh8 52.Qc8+ Kh7 53.Qf5+ Kh8 54.Qxa5 Qb2 55.Kh2 Qd4 56.Qa8+ Kh7
57.Qf3 Qb2 58.a4 Kh8 59.Qa8+ Kh7 60.Qe4+ Kh8 61.b4 h5 62.Qe8+  1-0

[Event "Capablanca Mem Premier 2"]
[Site "Havana CUB"]
[Date "2005.05.14"]
[Round "8"]
[White "Gongora,M"]
[Black "Colovic,A"]
[Result "1-0"]
[WhiteElo "2454"]
[BlackElo "2418"]

1.e4 c5 2.Nf3 e6 3.d4 cxd4 4.Nxd4 Nc6 5.Nc3 Qc7 6.Be2 a6 7.O-O Nf6 8.Kh1 Nxd4
9.Qxd4 Bc5 10.Qd3 b5 11.f4 Bb7 12.Bf3 O-O 13.e5 Ne8 14.Bxb7 Qxb7 15.f5 f6
16.a4 b4 17.Ne4 Be7 18.fxe6 dxe6 19.Bf4 Qd5 20.Qxd5 exd5 21.Ng3 fxe5 22.Bxe5 Rxf1+
23.Rxf1 Rc8 24.Nf5 Bg5 25.h4 Bd8 26.g4 h6 27.Rf4 Rc4 28.Rxc4 dxc4 29.Kg2 Kf7
30.Kf3 g6 31.Nxh6+ Ke6 32.Bg3 b3 33.cxb3 cxb3 34.g5 Ba5 35.Ke4 Bc3 36.Kd3 Bxb2
37.Kc4 Bd4 38.Kxb3 Kd5 39.Kb4 Bb6 40.Ng8 Ke6 41.Kc4 Ng7 42.Nf6 Nf5 43.Be1 Ne3+
44.Kd3 Nd5 45.Ne4 Kf5 46.Nd6+ Kg4 47.Ke4 Nf4 48.Ne8 Ne6 49.Nf6+ Kh3 50.Nd5 Bd8
51.Nf4+ Nxf4 52.Kxf4 Bc7+ 53.Kf3 Bd8 54.Bf2 Be7 55.Be1 Bd8 56.Kf4 Bc7+ 57.Ke4 Kg4
58.Kd5 Kf3 59.h5  1-0

[Event "Young Stars of the World"]
[Site "Kirishi RUS"]
[Date "2005.05.14"]
[Round "1"]
[White "Sjugirov,S"]
[Black "Andreikin,D"]
[Result "1-0"]
[WhiteElo "2381"]
[BlackElo "2495"]

1.e4 c5 2.Nf3 Nc6 3.Nc3 e6 4.d4 cxd4 5.Nxd4 Qc7 6.Ndb5 Qb8 7.Be3 a6 8.Bb6 axb5
9.Nxb5 Bb4+ 10.c3 Ba5 11.Nc7+ Qxc7 12.Bxc7 Bxc7 13.Qg4 g6 14.Bc4 Nge7 15.Qe2 O-O
16.O-O f5 17.f3 Ne5 18.Bb5 g5 19.a4 N7g6 20.Kh1 b6 21.Qd2 f4 22.b4 g4 23.c4 Bb7
24.Bxd7 Rf6 25.Bb5 Rd8 26.Qc2 Nh4 27.c5 bxc5 28.bxc5 Nc6 29.Rad1 Nd4 30.Rxd4 Rxd4
31.c6 Bc8 32.Qf2 gxf3 33.gxf3 Nxf3 34.Qxf3 Rg6 35.Rg1 e5 36.Qh5 Kg7 37.a5 Be6
38.Rxg6+ hxg6 39.Qg5 Bd6 40.h4 Rd1+ 41.Kg2 Rd2+ 42.Kf3 Rb2 43.h5 Rb3+ 44.Ke2 f3+
45.Kd1 Bf7 46.h6+ Kh7 47.Qf6 Kxh6 48.Qxf7 Rxb5 49.Qxf3 Rxa5 50.Qh3+ Kg5 51.Qd7 Ra1+
52.Kc2 Ra2+ 53.Kb1 Rd2 54.c7 Bb4 55.Qe6  1-0

[Event "48th TCh-SCG"]
[Site "Herceg Novi SCG"]
[Date "2005.05.15"]
[Round "1"]
[White "Savicevic,V"]
[Black "Damljanovic,B"]
[Result "0-1"]
[WhiteElo "2346"]
[BlackElo "2588"]

1.e4 c5 2.Nf3 e6 3.Nc3 Nc6 4.d4 cxd4 5.Nxd4 Qc7 6.g3 a6 7.Bg2 d6 8.O-O Bd7
9.a4 Nf6 10.Nxc6 Bxc6 11.a5 Be7 12.Be3 Rc8 13.Bb6 Qb8 14.Re1 Nd7 15.Bd4 O-O
16.Nd5 Bxd5 17.exd5 e5 18.Bh3 f5 19.b3 Qc7 20.c4 g6 21.Be3 Bf6 22.Ra2 Rce8
23.f3 e4 24.Bh6 Bc3 25.Bxf8 Bxe1 26.Qxe1 Ne5  0-1

[Event "1st Rapid Open"]
[Site "Livry Gargan BEL"]
[Date "2005.05.15"]
[Round "6"]
[White "Dgebuadze,A"]
[Black "Koziak,V"]
[Result "1-0"]
[WhiteElo "2534"]
[BlackElo "2485"]

1.e4 c5 2.Nf3 e6 3.d4 cxd4 4.Nxd4 Nc6 5.Nc3 a6 6.g3 d6 7.Bg2 Bd7 8.O-O Nf6
9.Nce2 Be7 10.c4 Rc8 11.b3 b5 12.cxb5 Nxd4 13.Nxd4 axb5 14.Qd3 b4 15.Bd2 Qb6
16.Rfc1 O-O 17.h3 Rfd8 18.Rxc8 Rxc8 19.Rc1 Rxc1+ 20.Bxc1 Qa7 21.Bd2 d5 22.e5 Ne8
23.Nc2 Qxa2 24.Kh2 Qa5 25.f4 Nc7 26.Ne3 Qc5 27.Be1 Bb5 28.Qd2 Na6 29.Nc2 g6
30.Nd4 Qb6 31.Bf2 Bc5 32.f5 exf5 33.Bxd5 Bd7 34.Bc4 Nc7 35.Nf3 Bxf2 36.Qxd7 Ne6
37.Kg2 Be3 38.Qe7 Bc5 39.Qe8+ Kg7 40.Bxe6 Qxe6 41.Qxe6 fxe6 42.Ng5 Bb6 43.Kf3 Kf8
44.Nxe6+ Ke7 45.Nf4 Ba7 46.Nd5+ Ke6 47.Nxb4 Bc5 48.Nd3 Bd4 49.g4 fxg4+ 50.Kxg4 h6
51.Kf4 Kd5  1-0

[Event "48th TCh-SCG"]
[Site "Herceg Novi SCG"]
[Date "2005.05.16"]
[Round "2"]
[White "Savanovic,A"]
[Black "Andrijevic,M"]
[Result "1/2-1/2"]
[WhiteElo "2413"]
[BlackElo "2411"]

1.e4 c5 2.Nf3 Nc6 3.d4 cxd4 4.Nxd4 e6 5.Nc3 Qc7 6.Be2 a6 7.O-O Nf6 8.Kh1 b5
9.Nxc6 dxc6 10.f4 Be7 11.e5 Nd5 12.Nxd5 cxd5 13.Be3 g6 14.c3 Bd7 15.Bd4 Bc5
16.Qd2 Rc8 17.Bd3 Qb6 18.Qe3 a5 19.a3 Bxd4 20.cxd4 b4 21.a4 h5 22.Rfc1 Rxc1+
23.Rxc1 O-O 24.b3 Rc8 25.Rc5 Rxc5 26.dxc5 Qb7 27.Qd4 Bc6 28.g3 Kf8 29.Kg2 Ke7
30.Kf2 Kd8 31.Ke3 Qe7 32.h4 Kc7 33.Be2 Qf8 34.Kd2 Qe7 35.Qe3 Qd7 36.Qd4 Qe8
37.Qd3 Qf8  1/2-1/2

[Event "Victory Cup"]
[Site "Alushta UKR"]
[Date "2005.05.17"]
[Round "6"]
[White "Belikov,V"]
[Black "Sharma,D"]
[Result "1/2-1/2"]
[WhiteElo "2517"]
[BlackElo "2381"]

1.e4 c5 2.Nf3 Nc6 3.Nc3 e6 4.d4 cxd4 5.Nxd4 Qc7 6.f4 a6 7.Nxc6 bxc6 8.e5 d6
9.exd6 Bxd6 10.Ne4 Be7 11.Bd3 Nf6 12.Ng5 O-O 13.Qe2 c5 14.O-O Bb7 15.Bd2 h6
16.Nf3 Qb6 17.Kh1 Qxb2 18.Ne5 Qd4 19.c3 Qd5 20.Rab1 Rab8 21.c4 Qd4 22.Be3 Qd6
23.Bf2 Ba8 24.Rbd1 Qc7 25.Bg3  1/2-1/2

[Event "48th TCh-SCG"]
[Site "Herceg Novi SCG"]
[Date "2005.05.17"]
[Round "3"]
[White "Perunovic,Mil"]
[Black "Delchev,A"]
[Result "0-1"]
[WhiteElo "2549"]
[BlackElo "2614"]

1.e4 c5 2.Nf3 e6 3.d4 cxd4 4.Nxd4 Nc6 5.Nc3 Qc7 6.Be3 a6 7.Qd2 Nf6 8.O-O-O Bb4
9.f3 Ne5 10.Nb3 b5 11.Qe1 Be7 12.f4 Ng6 13.e5 Ng4 14.Ne4 O-O 15.Bc5 Bb7 16.Bxe7 Nxe7
17.Nd6 Bd5 18.Bd3 f6 19.h3 Nh6 20.Be4 fxe5 21.fxe5 Rf4 22.g3 Rff8 23.g4 Nf7
24.Nxf7 Rxf7 25.Rh2 Raf8 26.Re2 Rf1 27.Qc3 Rxd1+ 28.Kxd1 Rf1+ 29.Kd2 Qd8
30.Nc5 Bxe4 31.Nxe4 Nd5 32.Qa3 Qb6 33.Qc5 Qa5+ 34.Nc3 h6 35.a3 Rf3 36.Rf2 Rxf2+
37.Qxf2 Nxc3 38.bxc3 Qxa3 39.Qd4 Qa2 40.Kc1 Qa1+ 41.Kd2 Qh1 42.Qa7 Qxh3 43.Qxa6 Qxg4
44.Qxb5 Qf4+ 45.Ke2 Qe4+ 46.Kf1 Qf3+  0-1

[Event "ch-ARM w"]
[Site "Yerevan ARM"]
[Date "2005.05.17"]
[Round "5"]
[White "Andriasian,S"]
[Black "Gasparian,N"]
[Result "1-0"]
[WhiteElo "2263"]
[BlackElo "2200"]

1.e4 c5 2.Nf3 e6 3.d4 cxd4 4.Nxd4 Nc6 5.Nc3 a6 6.Nxc6 bxc6 7.e5 Qc7 8.f4 d6
9.exd6 Bxd6 10.Ne4 Be7 11.Bd3 Nf6 12.O-O O-O 13.Be3 Nd5 14.Bd2 f5 15.Ng5 Qb6+
16.Kh1 Qxb2 17.Qe1 Bxg5 18.fxg5 Qd4 19.Rf3 Qg4 20.c4 Ne7 21.Qe3 Ng6 22.h3 Qh5
23.Raf1 Nh4 24.R3f2 Qe8 25.g3 Ng6 26.h4 Ne7 27.Bc3 Qd7 28.h5 c5 29.h6 gxh6
30.gxh6 Ng6 31.Be2 Bb7+ 32.Kh2 e5 33.Qxc5 Rac8 34.Qe3 f4 35.gxf4 exf4 36.Qd4 Qxd4
37.Bxd4 Rfe8 38.c5 Re4 39.Bc4+ Kf8 40.Bg7+ Ke8 41.Bd3 Rxc5 42.Bxe4 Bxe4 43.Re2 Rh5+
44.Kg1 Rh1+ 45.Kf2 Rh2+ 46.Ke1 Rxe2+ 47.Kxe2 Bd5 48.Ra1 f3+ 49.Ke3 Kf7 50.a4 Nh4
51.Kf2 Nf5 52.Rd1 Bc6 53.Rc1 Ne7 54.a5 Bd5  1-0

[Event "48th TCh-SCG"]
[Site "Herceg Novi SCG"]
[Date "2005.05.18"]
[Round "4"]
[White "Djukic,Ni"]
[Black "Andrijevic,M"]
[Result "1-0"]
[WhiteElo "2509"]
[BlackElo "2411"]

1.e4 c5 2.Nf3 Nc6 3.d4 cxd4 4.Nxd4 e6 5.Nc3 Qc7 6.Be2 a6 7.Be3 Nf6 8.a3 b5
9.Nxc6 dxc6 10.f4 Be7 11.e5 Nd5 12.Nxd5 cxd5 13.O-O Bc5 14.Bxc5 Qxc5+ 15.Kh1 O-O
16.Bd3 g6 17.Qg4 Qe7 18.Rae1 Kg7 19.Re3 Bd7 20.Rg3 f5 21.exf6+ Qxf6 22.h4 Rf7
23.Qg5 Raf8 24.Qxf6+ Kxf6 25.Rg5 Ke7 26.g3 Rf6 27.Kg2 Rb8 28.b4 a5 29.Kf3 axb4
30.axb4 Ra8 31.h5 Be8 32.h6 Kd6 33.Kg4 Ra4 34.Rb1 Rf5 35.Rxf5 exf5+ 36.Kg5 Ra7
37.Re1 Re7 38.Ra1 d4 39.Ra6+ Kd5 40.Rf6 Bd7 41.Rf8 Ke6 42.Rb8 Kf7 43.Bxb5 Bxb5
44.Rxb5 Re3 45.Rb7+ Ke6 46.Kh4 Re1 47.Rxh7 Kf6 48.Kh3 g5 49.fxg5+ Kxg5 50.Rd7 Rh1+
51.Kg2 Rc1 52.h7 Rxc2+ 53.Kg1 Rc1+ 54.Kf2 Rh1 55.b5  1-0

[Event "48th TCh-SCG"]
[Site "Herceg Novi SCG"]
[Date "2005.05.20"]
[Round "6"]
[White "Tseshkovsky,V"]
[Black "Tosic,M"]
[Result "1-0"]
[WhiteElo "2589"]
[BlackElo "2479"]

1.e4 c5 2.Nf3 e6 3.Nc3 Nc6 4.d4 cxd4 5.Nxd4 d6 6.Be3 Nf6 7.f4 Bd7 8.Ndb5 Qb8
9.a4 Be7 10.Be2 O-O 11.O-O Rd8 12.Kh1 Be8 13.Qe1 Nb4 14.Rc1 a6 15.Nd4 d5
16.e5 Ne4 17.Bf3 Nxc3 18.bxc3 Nc6 19.Bg4 Bd7 20.Nxc6 Bxc6 21.Bd4 Bd7 22.a5 Qc8
23.Qe3 Re8 24.Rb1 Bf8 25.Be2 Qc7 26.Bd3 g6 27.Rb6 Rac8 28.Rfb1 Bc6 29.h4 Qe7
30.Qg3 Bg7 31.h5 gxh5 32.Qh3 f5 33.Qxh5 Qf7 34.Qh3 Qg6 35.Rg1 Qh6 36.Qxh6 Bxh6
37.g4 Bxf4 38.gxf5+ Kf7 39.f6 Rg8 40.Rxg8 Kxg8 41.Rb1 h6 42.Bg6 Bb5 43.Kg2 Bd2
44.Rb3 Rc7 45.Kf2 Kf8  1-0

[Event "XXXV Bosnia GM"]
[Site "Sarajevo BIH"]
[Date "2005.05.20"]
[Round "2"]
[White "Timofeev,Arty"]
[Black "Volokitin,And"]
[Result "1-0"]
[WhiteElo "2622"]
[BlackElo "2679"]

1.e4 c5 2.Nf3 e6 3.d4 cxd4 4.Nxd4 Nc6 5.Nc3 a6 6.Nxc6 bxc6 7.Bd3 d5 8.O-O Qc7
9.f4 Nf6 10.Kh1 Be7 11.Qf3 Bb7 12.f5 e5 13.Qg3 d4 14.Nb1 c5 15.Nd2 h5 16.Qe1 h4
17.Nc4 h3 18.g3 Bc6 19.Kg1 Bb5 20.Qe2 Nd7 21.a4 Bxc4 22.Bxc4 a5 23.Bd2 Nb6
24.Bb5+ Kf8 25.c3 Qd8 26.cxd4 cxd4 27.Rac1 Bg5 28.Rc6 Nc8 29.Bxg5 Qxg5 30.f6 Rh6
31.Rf5 Qe3+ 32.Qxe3 dxe3 33.fxg7+ Kxg7 34.Rxf7+ Kxf7 35.Rxh6 Ne7 36.Rxh3 Rd8
37.Kf1 Rd4 38.Rh7+ Kf6 39.Rh6+ Kf7 40.Rh4 Ng6 41.Rh7+ Kf6 42.Ra7 Nf8 43.Ra6+ Ke7
44.Ke2 Rxe4 45.Bc6 Rb4 46.Kxe3 Ne6 47.Bd5 Nc5 48.Rc6 Nxa4 49.b3 Nb6 50.Be6 Nd7
51.Bc4 a4 52.bxa4 Rxa4 53.Ke4 Ra5 54.Kf5 Ra3 55.Bd5 Rd3 56.Re6+ Kf7 57.Bc6 Rd2
58.Bxd7 Rxd7 59.Rxe5 Rd3 60.Ra5 Rf3+ 61.Kg5  1-0

[Event "ch-ARM w"]
[Site "Yerevan ARM"]
[Date "2005.05.20"]
[Round "7"]
[White "Aginian,N"]
[Black "Gasparian,N"]
[Result "1/2-1/2"]
[WhiteElo "2380"]
[BlackElo "2200"]

1.e4 c5 2.Nf3 e6 3.d4 cxd4 4.Nxd4 Nc6 5.Nc3 a6 6.Nxc6 bxc6 7.Bd3 e5 8.O-O Nf6
9.f4 d6 10.fxe5 dxe5 11.Qf3 Be7 12.h3 O-O 13.Be3 Qc7 14.Na4 Rb8 15.b3 Qa5
16.Rad1 Be6 17.Bd2 Qc7 18.Kh1 a5 19.Nb2 Nd7 20.a4 Bb4 21.Be3 Bc3 22.Nc4 Rfd8
23.Qg3 Kh8 24.Be2 Bb4 25.Qf2 f6 26.Nb2 Nf8 27.Rxd8 Qxd8 28.Rd1 Qe7 29.Bc4 Rd8
30.Qe2 Bc3 31.Rxd8 Qxd8 32.Bxe6 Nxe6 33.Qc4 Bd4 34.Bxd4 Nxd4 35.c3 Nc2 36.Qd3 Qxd3
37.Nxd3 Kg8 38.b4 axb4 39.Nxb4 Na3 40.Nxc6 Nc4 41.a5 Kf8 42.a6 Ke8 43.a7 Nb6
44.Nb4 Kd8 45.Nd5 Na8 46.Kh2 Kc8 47.Kg3 Kb7 48.Kg4 Kxa7 49.Kf5 Nb6 50.Nxb6 Kxb6
51.g4 Kc5 52.h4 Kc4 53.g5 Kxc3 54.gxf6 gxf6 55.h5 Kd4 56.h6 Ke3 57.Kxf6 Kxe4
58.Kg7 Kf3 59.Kxh7 e4 60.Kg6 e3  1/2-1/2

[Event "TCh-ROM A"]
[Site "Tusnad ROM"]
[Date "2005.05.21"]
[Round "1"]
[White "Gaponenko,I"]
[Black "Maksimovic,S"]
[Result "1-0"]
[WhiteElo "2482"]
[BlackElo "2231"]

1.e4 c5 2.Nf3 Nc6 3.Nc3 e6 4.d4 cxd4 5.Nxd4 Nf6 6.Ndb5 d6 7.Bf4 e5 8.Bg5 a6
9.Na3 b5 10.Bxf6 gxf6 11.Nd5 f5 12.Bd3 Be6 13.O-O Bxd5 14.exd5 Ne7 15.Re1 Bg7
16.c3 O-O 17.Qh5 e4 18.Bf1 Qc8 19.Rad1 Ng6 20.Nc2 Re8 21.Qh3 Qc5 22.Qxf5 Re5
23.Qd7 Bf8 24.Rd4 Ra7 25.Qd8 Rxd5 26.Rdxe4 Rd2 27.R4e2 Rxe2 28.Rxe2 Re7 29.Rxe7 Nxe7
30.Qa5 Nd5 31.Qxa6 b4 32.Nxb4 Nxb4 33.cxb4 Qxb4 34.b3 d5 35.Qd3 Qc5 36.g3 Bg7
37.Qf5 Bd4 38.a4 Kf8 39.Kg2 h6 40.Be2 Ke7 41.Bf3 Bxf2 42.Bxd5 Bd4 43.Qxf7+ Kd8
44.Bc4  1-0

[Event "TCh-ROM A"]
[Site "Tusnad ROM"]
[Date "2005.05.21"]
[Round "1"]
[White "Parligras,M"]
[Black "Ungureanu,V"]
[Result "0-1"]
[WhiteElo "2560"]
[BlackElo "2323"]

1.e4 c5 2.Nf3 e6 3.d4 cxd4 4.Nxd4 Nc6 5.Nc3 Qc7 6.Be3 Nf6 7.Ndb5 Qb8 8.f4 a6
9.e5 axb5 10.exf6 gxf6 11.Nxb5 d5 12.c4 Bb4+ 13.Kf2 d4 14.Nxd4 Bc5 15.g3 Nxd4
16.Bxd4 Qa7 17.Bxc5 Qxc5+ 18.Kg2 Bd7 19.Be2 Bc6+ 20.Bf3 Qxc4 21.b3 Bxf3+
22.Qxf3 Qc2+ 23.Kh3 Qf5+ 24.g4 Qa5 25.Kg3 h5 26.h3 Qd2 27.gxh5 f5 28.h4 Rc8
29.Rhd1 Rg8+ 30.Kh3 Rc3 31.Rxd2 Rxf3+ 32.Kh2 Rxf4 33.Rd3 Rxh4+ 34.Rh3 Rxh3+
35.Kxh3 Rg5 36.Kh4 Rg4+ 37.Kh3 Kf8 38.Rc1 b5 39.a3 Kg7 40.Ra1 Rd4 41.a4 Rd3+
42.Kh4 Rxb3 43.a5 Rc3 44.a6 Rc8 45.Kg5 f6+ 46.Kf4 b4 47.a7 Ra8 48.Ra6 Kf7
49.h6 b3 50.h7 b2 51.Rb6 Kg7 52.Rxb2 e5+ 53.Kf3 Kxh7 54.Ra2 Kg6 55.Ra1 f4
56.Ke4 Kg5 57.Rg1+ Kh4 58.Ra1 Kg3 59.Ra3+ Kg4 60.Ra1 f3 61.Rg1+ Kh4 62.Rg6 f5+
63.Kxe5 f2 64.Rh6+ Kg3 65.Rg6+ Kf3 66.Rf6  0-1

[Event "TCh-ROM A"]
[Site "Tusnad ROM"]
[Date "2005.05.21"]
[Round "1"]
[White "Balogh,C"]
[Black "Delchev,A"]
[Result "0-1"]
[WhiteElo "2531"]
[BlackElo "2614"]

1.e4 c5 2.Nf3 e6 3.d4 cxd4 4.Nxd4 Nc6 5.Nc3 Qc7 6.Be3 a6 7.Qd2 Nf6 8.O-O-O Bb4
9.f3 Ne5 10.Nb3 b5 11.Qe1 Be7 12.f4 Ng6 13.e5 Ng4 14.Ne4 O-O 15.Bc5 Bb7 16.Nd6 Bd5
17.Rxd5 exd5 18.g3 f6 19.Qd1 fxe5 20.Qxd5+ Kh8 21.f5 Nf6 22.Nf7+ Rxf7 23.Qxa8+ Rf8
24.Qxa6 Bxc5 25.fxg6 Be3+ 26.Kb1 Rc8 27.c3 b4 28.c4 hxg6 29.Bh3 e4 30.c5 Rb8
31.Rf1 Qe5 32.Qc4 Kh7 33.Bg2 Rc8 34.Qxb4 Bxc5 35.Nxc5 Rxc5 36.Re1 Qd6 37.a3 Qd3+
38.Ka2 Rb5 39.Bxe4 Nxe4 40.Qxe4 Qb3+  0-1

[Event "ch-ARM w"]
[Site "Yerevan ARM"]
[Date "2005.05.21"]
[Round "8"]
[White "Aginian,N"]
[Black "Galojan,L"]
[Result "0-1"]
[WhiteElo "2380"]
[BlackElo "2256"]

1.e4 c5 2.Nf3 e6 3.d4 cxd4 4.Nxd4 Nc6 5.Nc3 Qc7 6.Be3 a6 7.Qd2 Nf6 8.O-O-O Bb4
9.f3 Ne5 10.Nb3 b5 11.Bd4 O-O 12.Qg5 Ng6 13.Bxf6 gxf6 14.Qxf6 Rd8 15.Kb1 Bb7
16.Qd4 Be7 17.Bd3 b4 18.Ne2 a5 19.Qf2 a4 20.Nbd4 d5 21.h4 Kh8 22.h5 Ne5 23.Qg3 Rg8
24.Qh2 Bf6 25.g4 a3 26.b3 Rac8 27.Qf4 Bg5 28.Qh2 Be3 29.Nb5 Qb8 30.Qh4 Bg5
31.Qg3 Bh6 32.Qf2 Ba6 33.Nbd4 Bxd3 34.cxd3 Qb6 35.Qh2 Nc6 36.Qg1 Qa6 37.Nxc6 Qxc6
38.Nd4 Qc3 39.Rh2 Bg7 40.Rc2 Qxd4 41.Qxd4 Bxd4 42.Rdc1 Rxc2 43.Rxc2 Bc3 44.Re2 Rd8
45.e5 Rg8 46.Rc2 Rg5 47.d4 Bxd4 48.h6 Bc3  0-1

[Event "Young Stars of the World"]
[Site "Kirishi RUS"]
[Date "2005.05.22"]
[Round "8"]
[White "Khairullin,I"]
[Black "Lenic,L"]
[Result "1-0"]
[WhiteElo "2517"]
[BlackElo "2465"]

1.e4 c5 2.Nf3 e6 3.d4 cxd4 4.Nxd4 Nc6 5.Nc3 Nf6 6.Nxc6 bxc6 7.e5 Nd5 8.Ne4 Qc7
9.f4 Qb6 10.c4 Bb4+ 11.Ke2 Ba6 12.Kf3 f5 13.Nf2 Ne7 14.Be3 c5 15.a3 Ba5 16.b4 Qc6+
17.Kg3 cxb4 18.axb4 Bxb4 19.Qa4 Bb7 20.Qxb4 g5 21.fxg5 h6 22.h4 f4+ 23.Bxf4 Nf5+
24.Kg4 hxg5 25.Bxg5 Kf7 26.Ra3 Rag8 27.Rf3 Ke8 28.Bd3 a5 29.Qa3 Qb6 30.Bxf5 exf5+
31.Rxf5 Qe6 32.Qd6 Qxc4+ 33.Kg3 Rh7 34.Ng4  1-0

[Event "GM"]
[Site "Frascati ITA"]
[Date "2005.05.23"]
[Round "3"]
[White "Gouliev,N"]
[Black "Bruno,F"]
[Result "1-0"]
[WhiteElo "2526"]
[BlackElo "2374"]

1.e4 c5 2.Nf3 e6 3.d4 cxd4 4.Nxd4 Nc6 5.Nc3 Qc7 6.Be2 a6 7.O-O b5 8.Nxc6 dxc6
9.a4 b4 10.Nb1 Nf6 11.Bd3 a5 12.Qe2 e5 13.Nd2 Bc5 14.Nc4 Qe7 15.Be3 O-O 16.Rad1 Nd7
17.Rd2 Ra7 18.Rfd1 f5 19.Nd6 f4 20.Bc4+ Kh8 21.Nf7+ Rxf7 22.Bxc5 Nxc5 23.Bxf7 Bd7
24.Bb3 g6 25.Rd6 Kg7 26.Qc4 Nxb3 27.cxb3 Kh6 28.Qc5 Be8 29.f3 Ra8  1-0

[Event "Chigorin CC"]
[Site "St Petersburg RUS"]
[Date "2005.05.23"]
[Round "7"]
[White "Shushpanova,N"]
[Black "Pavlov,Gennady"]
[Result "1-0"]
[WhiteElo "2064"]
[BlackElo "2119"]

1.e4 c5 2.Nf3 Nc6 3.d4 cxd4 4.Nxd4 e6 5.Nc3 a6 6.Nxc6 bxc6 7.Bd3 d5 8.O-O g6
9.Qe2 Bg7 10.exd5 cxd5 11.Nxd5 Bb7 12.Ne3 Ne7 13.Nc4 Rb8 14.Rd1 Qc7 15.c3 O-O
16.Be4 Nc6 17.Be3 f5 18.Bc2 Ne5 19.Nxe5 Bxe5 20.f4 Bf6 21.Bb3 Qc6 22.Bd4 Rbe8
23.Rd2 Kg7 24.Rad1 Bxd4+ 25.Rxd4 Qb6 26.Qf2 Re7 27.Rd7 Qxf2+ 28.Kxf2 Re8
29.Rxe7+ Rxe7 30.Re1 Be4 31.Rd1 Rb7 32.Rd4 h6 33.g3 g5 34.Ke3 gxf4+ 35.Kxf4 Rb5
36.Rb4 e5+ 37.Ke3 Rxb4 38.cxb4 Kf6 39.h4 Bb7 40.Bc4 Ke7 41.a4 Kd6 42.Bd3 Bc8
43.Be2 Ke7 44.Bc4 Kd6 45.Kd3 Bd7 46.b3 Bc8 47.Kc3 Bb7 48.b5 a5 49.b4 axb4+
50.Kxb4 f4 51.gxf4 exf4 52.a5 Bg2 53.a6 f3 54.Bd5 Kxd5 55.a7 Ke5 56.a8=Q Kf4
57.Qb8+ Ke3 58.Qb6+ Ke2 59.Qg1 Bh3 60.b6 f2 61.Qxf2+ Kxf2 62.b7 Kg3 63.b8=Q+ Kxh4  1-0

[Event "69th ch-BUL"]
[Site "Pleven BUL"]
[Date "2005.05.24"]
[Round "2"]
[White "Kozhuharov,S"]
[Black "Iotov,V"]
[Result "1-0"]
[WhiteElo "2375"]
[BlackElo "2433"]

1.e4 c5 2.Nf3 e6 3.d4 cxd4 4.Nxd4 Nc6 5.Nc3 Qc7 6.Be3 a6 7.Qd2 Nf6 8.O-O-O Bb4
9.f3 Ne5 10.Nb3 b5 11.Bd4 Be7 12.Qf2 d6 13.g4 O-O 14.Kb1 b4 15.Na4 Nfd7 16.Rg1 Qc6
17.Nb6 Nxb6 18.Na5 Qd7 19.Bxb6 Rb8 20.f4 Ng6 21.Nc4 Qc6 22.Ba7 Rb5 23.f5 Ne5
24.Nxe5 Rxe5 25.Bd4 Ra5 26.Bd3 Bd8 27.g5 e5 28.Be3 d5 29.b3 g6 30.Qh4 gxf5
31.exf5 e4 32.Bxe4 dxe4 33.f6 Rxa2 34.Rg2  1-0

[Event "VII Open"]
[Site "Salou ESP"]
[Date "2005.05.24"]
[Round "5"]
[White "Nijboer,F"]
[Black "Farran Martos,F"]
[Result "1-0"]
[WhiteElo "2553"]
[BlackElo "2107"]

1.e4 c5 2.Nf3 e6 3.Nc3 Nc6 4.d4 cxd4 5.Nxd4 Qc7 6.Be2 Nf6 7.O-O Nxd4 8.Qxd4 Bc5
9.Qd3 a6 10.a4 d6 11.Qg3 Bd4 12.Ra3 O-O 13.Rd1 Qc5 14.Rxd4 Qxd4 15.Be3 Qb4
16.Rb3 Qa5 17.Bb6 Qe5 18.f4 Nxe4 19.Qe3  1-0

[Event "13th Guillermo Garcia mem Prem I"]
[Site "Santa Clara CUB"]
[Date "2005.05.24"]
[Round "4"]
[White "Schilow,W"]
[Black "Otero,D"]
[Result "1/2-1/2"]
[WhiteElo "2425"]
[BlackElo "2400"]

1.e4 c5 2.Nf3 e6 3.Nc3 Nc6 4.d4 cxd4 5.Nxd4 Nf6 6.a3 d5 7.Bb5 Bd7 8.exd5 exd5
9.O-O Be7 10.Be2 O-O 11.Be3 Ne5 12.Nf3 Nxf3+ 13.Bxf3 Bc6 14.Bd4 Ne4 15.Re1 f5
16.Qd3 Bd6 17.Rad1 Qd7 18.Be3 Rad8 19.b4 b6 20.Ne2 f4 21.Bc1 Qf7 22.Bb2 Bb8
23.Nd4 Bb7 24.Qb3 Rde8 25.Be2 Qg6 26.Nf3 Kh8 27.Bd4 h6 28.Bd3 Qh5 29.Qb2 Rg8
30.Be2 Qf7 31.Bf1 Qh5 32.c4 dxc4 33.Bxc4 Ng5 34.Ne5 Bxe5 35.Bxe5 Nf3+ 36.gxf3 Qg5+
37.Kf1 Bxf3 38.Bxg7+ Qxg7 39.Qxg7+ Kxg7 40.Bxg8 Rxg8 41.Rd3 Bc6 42.Rc3 Bd5
43.Re7+ Kf6 44.Rxa7 Ke5 45.f3 Kd4 46.Rac7 b5 47.R3c5 Bc4+ 48.Kf2 Re8 49.R5c6 Re2+
50.Kg1 Re1+ 51.Kg2 Re2+ 52.Kh3 Be6+ 53.Rxe6 Rxe6 54.Kg4 Rf6 55.Re7 Kc4 56.Re4+ Kb3
57.Rxf4 Rxf4+ 58.Kxf4 Kxa3 59.Ke5 Kxb4 60.f4 Kc3 61.f5 b4 62.f6 b3 63.f7 b2
64.f8=Q b1=Q 65.Qc5+ Kd3 66.Qd4+ Ke2 67.Qg4+ Kf2 68.h4 Qb6 69.h5 Qa6 70.Qf5+ Ke3
71.Qe4+ Kf2 72.Qf5+ Ke3 73.Qf4+ Ke2 74.Qe4+ Kf2 75.Qg6 Qa5+ 76.Kf6 Qd2 77.Kg7 Kf3
78.Qxh6 Qd7+ 79.Kg8 Qd5+ 80.Kh7 Qf7+ 81.Kh8 Qe8+ 82.Kg7 Qd7+ 83.Kg8 Qd5+  1/2-1/2